| 000 | 00982nam a22002177a 4500 | ||
|---|---|---|---|
| 008 | 130826t mx||||| |||| 00| 0 spa d | ||
| 020 | _a9789680303236 | ||
| 050 | 0 | 4 |
_aGN270 _bP46 2008 |
| 245 | 1 | 0 |
_aCultura y desorden mental : _bmiradas desde la etnopsiquiatría y el etnopsicoanálisis _c/ Francisco de la Peña, coordinador. |
| 250 | _aPrimera edición. | ||
| 260 |
_aMéxico : _bInstituto Nacional de Antropología e Historia ; Escuela Nacional de Antropología e Historia : Consejo Nacional para Cultura y las Artes, _c2008. |
||
| 300 |
_a178 p. : _c23 cm. |
||
| 504 | _aIncluye índice y bibliografía. | ||
| 650 | 7 |
_2LEMB _aEtnopsicología |
|
| 650 | 7 |
_2LEMB _aPsiquiatría cultural |
|
| 650 | 7 |
_2LEMB _aEtnopsiquiatría |
|
| 710 | 1 |
_aMéxico : _bInstituto Nacional de Antropología e Historia |
|
| 710 | 1 |
_aMéxico : _bEscuela Nacional de Antropología e Historia |
|
| 710 | 1 |
_aMéxico : _bPrograma de mejoramiento del Profesorado (promeP) |
|
| 942 |
_2lcc _cLIB |
||
| 999 |
_c40509 _d40509 |
||